Làng Mường ở Hòa Bình
TM tài liệu tham khảo tr. 353 - 354; Gồm: Giới thiệu khái quát về đặc điểm, vị trí địa lí vùng người Mường sinh sống, lịch sử dân tộc từ thưở khai sinh lập địa và văn hóa Mường; điểm lược sử nghiên cứu về dân tộc Mường; làng Mươ...
Saved in:
| Main Author: | |
|---|---|
| Other Authors: | |
| Format: | Book |
| Language: | Undetermined |
| Published: |
H.
Văn hóa thông tin
2014
|
| Subjects: | |
| Online Access: | http://lrc.tdmu.edu.vn/opac/search/detail.asp?aID=2&ID=20458 |
| Tags: |
Add Tag
No Tags, Be the first to tag this record!
|
| Institutions: | Trung tâm Học liệu Trường Đại học Thủ Dầu Một |
|---|
| LEADER | 01562nam a2200217Ia 4500 | ||
|---|---|---|---|
| 001 | TDMU_20458 | ||
| 008 | 210410s9999 xx 000 0 und d | ||
| 082 | |a 305.895924 | ||
| 090 | |b B510 | ||
| 100 | |a Bùi, Hy Vọng | ||
| 245 | 0 | |a Làng Mường ở Hòa Bình | |
| 245 | 0 | |c Bùi Hy Vọng | |
| 260 | |a H. | ||
| 260 | |b Văn hóa thông tin | ||
| 260 | |c 2014 | ||
| 300 | |a 359 tr. | ||
| 520 | |a TM tài liệu tham khảo tr. 353 - 354; Gồm: Giới thiệu khái quát về đặc điểm, vị trí địa lí vùng người Mường sinh sống, lịch sử dân tộc từ thưở khai sinh lập địa và văn hóa Mường; điểm lược sử nghiên cứu về dân tộc Mường; làng Mường (tên gọi, lịch sử hình thành, phong thủy, cấu trúc bên trong các làng Mường truyền thống, quan hệ trong làng Mường; nhà sàn Mường (lịch sử hình thành, vật liệu làm nhà sàn, các bộ phận, cấu trúc khung đỡ nhà sàn). | ||
| 650 | |a Văn hóa dân gian |x Dân tộc Mường |z Hòa Bình (Việt Nam); Dân tộc Mường |x Văn hóa |z Hòa Bình (Việt Nam); Hòa Bình (Việt Nam) |x Văn hóa |x Dân tộc Mường | ||
| 700 | |a Hội Văn nghệ dân gian Việt Nam | ||
| 856 | |u http://lrc.tdmu.edu.vn/opac/search/detail.asp?aID=2&ID=20458 | ||
| 980 | |a Trung tâm Học liệu Trường Đại học Thủ Dầu Một | ||